MDQL
is popping MORE tags! Check the
thread
!
Quizzes
Events
Quiz Creation
Community
Videos
Private Events
Remove Ads
Sign In
Join for FREE
Feedback
Dark Mode
Quiz Categories
Sports
Geography
Music
Movies
Television
Just For Fun
Miscellaneous
History
Literature
Language
Science
Gaming
Entertainment
Religion
Holiday
For Kids
Quiz Lab
Recent
Popular Today
Quiz Kudos Today
Editor Picks
Curator Picks
Quizzes by...
Day
Popularity
Type
Ratings
Length
Year
Community
Subscriptions
Recent Discussions
Orange Saloon
Badges
Playlists
Quests
Create
Leaderboards
Showdown
Live 5
Trivia Bingo
Activity
Puzzle Library
Sporcle Events
Private Events
Virtual Trivia
Globe League
Become a Host
Pub Owners
SporcleCon
Opinionation
Our Games
Videos
Blog
Mobile Apps
Partnerships
Remove Ads and Go Orange
Feedback
Movies
Disney
Marvel Cinematic Universe
Movie Resume
Movie Titles
Oscar
Actor
Actress
Director
Pixar
Role
Movie Quotes
Movie Characters
Box Office
Nominee
Best Picture
Star Wars
James Bond
Horror Movies
Movies
Disney
Marvel Cinematic Universe
Movie Resume
Movie Titles
Oscar
Actor
Actress
Director
Pixar
Role
Movie Quotes
Movie Characters
Box Office
Nominee
Best Picture
Star Wars
James Bond
Horror Movies
Random Quiz
Search Sporcle
×
Quiz Lab
Quiz Lab
Movies
Movie Characters
Type in answers that appear in a list
Type in answers that appear in a list
Classic
Best Score? Go Orange.
Percy jackson beginner Stats
Can you answer the Percy jackson beginner questions
By
Rbs_ryno2
90s
9 Questions
238 Plays
238 Plays
238 Plays
Comments
Comments
Give Quiz Kudos
Give Quiz Kudos
-
- Ratings
hide this ad
More Info
Random Order
Randomize order of answers
Randomize order of answers
Replay
Link that replays current quiz
Next Quiz
Link to next quiz in quiz playlist
You Got
0%
They Got
Avg Score
92%
Avg Friend Score
Upgrade to see
Score Distribution
Jump to the score distribution portion of the page
Score
0/9
Timer
01:30
0
Plays Today
Hint
Answer
% Correct
God of the underworld
Hades
95.8%
Percy's protecter
Grover
95.4%
Daughter of Athena
Annabeth
95%
Son of Hermes
Luke
95%
God of the sky
Zeus
94.1%
Main character
Percy Jackson
93.3%
God of the sea
Poseidon
89.5%
Daughter of ares
Clarisse
89.1%
Camp
Camp half-blood
81.9%
Quiz Playlist
Details
Report
Send in Message
Add To Playlist
More Info:
May make more, I hope you like it. Tell me if it is to easy or to hard for a beginner
Classic:
Type in answers that appear in a list
Random Order:
Randomize order of answers
Last Updated: Feb 16, 2017
Quiz Scoreboard
CHALLENGE
Sign Up to Join the Scoreboard
Show All
Scores
Hide
Comments
May contain spoilers
Recently Published
Holiday 10x10 Sorting Gallery
by lukepisani3
Holiday
15m
Two Season TV Shows II
by 123Four
Television
10m
Image Sorting: Flags VI
by Barbecue
Geography
2m
More to Explore
Quiz From the Vault
Featured Blog Post
14 Easter Pick-up Lines to Find Eggs With
hide this ad
You Might Also Like...
Tags
Movie Characters Quiz
Greek
Greek Mythology
Percy Jackson
Rick Riordan
Today's Top Quizzes in Movies
Browse Movies
hide this ad
Today's Top Quizzes in Movie Characters
Browse Movie Characters
Top Contributed Quizzes in Movies
1
The ultimate James Bond movie quiz
2
Find The 'Big' Movie
3
Find The 'Wild' Movie
4
Find The 'Blue' Movie
5
Movies By Plot
6
Hidden Star Wars Character II
7
25 Best Actor Nominees (1990s)
8
Hidden Star Wars Character III
9
😉 2024 Oscar Nominees by Emoji
10
Hidden Star Wars Character IV
Explore More
Trending Topics
Crossword
Kpop
Marvel
NBA
Disney
Harry Potter
Anime
Song
NFL
Pokémon
The Office
Country
Puzzle
Soccer
WWE
hide this ad
More By:
Rbs_ryno2
Quiz
Plays
Rating
Category
Featured
Created
Marvel/dc superheroes
987
1.10
Entertainment
Nov 13, 2013
Percy jackson beginner
238
Movies
Feb 14, 2014
Greek, or roman god?
61
1.33
Religion
Nov 14, 2013
Towns, minecraft, or both
32
3.00
Gaming
Jan 30, 2014
Can you name some minecraft mods?
10
Gaming
Jan 24, 2014
Go to Creator's Profile
Score Distribution
Quiz Creator Spotlight
Rbs_ryno2
Follow
Send a Message
Quizzes Created
-
Created Quiz Play Count
-
More By This Creator
Popular Quizzes Today
1
Find the US States - No Outlines Minefield
2
Colored Red Africa Blitz
3
Find the 'City' Movie
4
The Countries of the World
5
5x2 Blitz: Bands
6
Find the US States
7
Find the Countries of Europe - No Outlines Minefield
8
US States
More Movies Quizzes
PBJ Actors & Actresses
Quiz Lab
Trending Quizzes
Colored Red Europe Blitz I
Colored Red Europe Blitz II
Colored Red Africa Blitz II
Colored Red Europe Blitz III
Colored Red Africa Blitz III
Recently Updated
Odd Team Out - Big 4 Players
pecheneg
Quick Pick: 20 Twenties
pecheneg
March Madness Men's Triple Doubles
pecheneg
How Do You Spell That?
pecheneg
Godzilla Movies
pecheneg
Grab Bag: 4-10 Letters
pecheneg
2024 March Madness Bracket
pecheneg
Famous TV Couples
Peacemaker
Champions League XIs: Real Madrid
pecheneg
Largest US Cities 1790-2010
pecheneg
Trending Topics
Harry Potter
Kpop
Disney
NBA
Crossword
Marvel
Anime
Soccer
WWE
Pokémon
NFL
Country
Puzzle
Song
The Office
Your Account Isn't Verified!
In order to create a playlist on Sporcle, you need to verify the email address you used during registration. Go to your
Sporcle Settings
to finish the process.
Report this User
Report this user for behavior that violates our
Community Guidelines
.
Details:
Send Report
Go to the Sporcle.com Mobile Site →
Comments